Resolucin̤ Miscelǹea Profesional

Bibliographic Details
Format: eBook
Language:Spanish
Published: Ciudad de Mx̌ico: Tax Editores, 2018 -
Subjects:
Online Access:Acceso restringido

MARC

LEADER 00000nam a22000007a 4500
005 20190915151423.0
007 cr|||| ||||
008 190915c20189999mx mr|w s|||| 0|||b1spa d
022 |a 2594-181X 
035 |a 22171 
040 |a vLex 
090 |c 9531  |d 9531 
245 0 0 |a Resolucin̤ Miscelǹea Profesional  |h [Recurso electrn̤ico] / 
256 |a Servicio en ln̕ea 
260 |a Ciudad de Mx̌ico:  |b Tax Editores,  |c 2018 - 
300 |a 1 recurso electrn̤ico 
310 |a Mensual 
362 |a Nð 1 (Sep. 2018) - 
506 1 |a Disponible solo en los productos indicados  |d vLex Global  |d vLex Global (Academic Edition, excluding Law Schools)  |d vLex Global (U.S. Academic Edition, Law Schools)  |d vLex Global (U.S. Academic Edition, excluding Law Schools)  |d vLex Global (Academic Edition, Law Schools) 
650 0 4 |a Derecho Fiscal  |z Mx̌ico 
740 0 |a vLex Revistas (Servicio en ln̕ea) 
856 4 0 |u http://vlex.com/source/resolucion-miscelanea-profesional-22171  |z Acceso restringido 
942 |c REV 
999 0 |a Tax Law